Quizzes
Events
Quiz Creation
Community
Videos
Private Events
Remove Ads
Sign In
Join for FREE
Feedback
Dark Mode
Quiz Categories
Sports
Geography
Music
Movies
Television
Just For Fun
Miscellaneous
History
Literature
Language
Science
Gaming
Entertainment
Religion
Holiday
For Kids
Quiz Lab
Recent
Popular Today
Quiz Kudos Today
Editor Picks
Curator Picks
Quizzes by...
Day
Popularity
Type
Ratings
Length
Year
Community
Subscriptions
Recent Discussions
Orange Saloon
Badges
Playlists
Quests
Create
Leaderboards
Showdown
Live 5
Trivia Bingo
Activity
Puzzle Library
Sporcle Events
Private Events
Virtual Trivia
Globe League
Become a Host
Pub Owners
SporcleCon
Opinionation
Our Games
Videos
Blog
Mobile Apps
Partnerships
Remove Ads and Go Orange
Feedback
History
US Presidents
World Leaders
Politics
Nation
Discovery
War
Decade
Year
Century
Biography
Art
History
US Presidents
World Leaders
Politics
Nation
Discovery
War
Decade
Year
Century
Biography
Art
Random Quiz
Search Sporcle
×
Quiz Lab
Quiz Lab
History
Labour Party
Type in answers that appear in a list
Type in answers that appear in a list
Classic
Best Score? Go Orange.
Leaders of the Labour Party (UK) Stats
Can you name the leaders of the Labour Party (UK)?
By
rhettro84
10m
24 Questions
95 Plays
95 Plays
95 Plays
Comments
Comments
Give Quiz Kudos
Give Quiz Kudos
-
- Ratings
hide this ad
Replay
Link that replays current quiz
Next Quiz
Link to next quiz in quiz playlist
You Got
0%
They Got
Avg Score
64%
Avg Friend Score
Upgrade to see
Score Distribution
Jump to the score distribution portion of the page
Score
0/24
Timer
10:00
0
Plays Today
Led
Leader
% Correct
From 24 June 2007
Gordon Brown
96.8%
From 21 July 1994
Tony Blair
94.7%
From 25 September 2010
Ed Miliband
92.6%
From 5 April 1976
James Callaghan
90.5%
From 14 February 1963
Harold Wilson
89.5%
From 18 January 1963
George Brown
88.4%
From 2 October 1983
Neil Kinnock
86.3%
From 8 October 1935
Clement Attlee
85.3%
From 3 November 1980
Michael Foot
85.3%
From 11 May 2010
Harriet Harman
83.2%
From 18 July 1992
John Smith
82.1%
From 6 February 1911
Ramsey MacDonald
77.9%
Led
Leader
% Correct
From 21 November 1922
Ramsey MacDonald
77.9%
From 12 May 1994
Margaret Beckett
67.4%
From 17 January 1906
Keir Hardie
65.3%
From 14 December 1955
Hugh Gaitskell
61.1%
From 22 January 1908
Arthur Henderson
41.1%
From 5 August 1914
Arthur Henderson
41.1%
From 1 September 1931
Arthur Henderson
41.1%
From 25 October 1932
George Lansbury
35.8%
From 14 February 1921
John Robert Clynes
22.1%
From 14 February 1910
George Nicoll Barnes
15.8%
From 24 October 1917
William Adamson
13.7%
3.2%
Quiz Playlist
Details
Report
Send in Message
Add To Playlist
Classic:
Type in answers that appear in a list
Last Updated: Feb 16, 2017
Quiz Scoreboard
CHALLENGE
Sign Up to Join the Scoreboard
Show All
Scores
Hide
Comments
May contain spoilers
Recently Published
College Basketball Coaching Resumes
by pancakes188
Sports
9m
Billboard Blitz: Fleetwood Mac
by CooCooCachoo
Music
15s
Presidents Visiting Landmarks
by Hejman
History
7m
More to Explore
Quiz From the Vault
Featured Blog Post
Where Did the Easter Bunny Come From?
hide this ad
You Might Also Like...
Tags
Labour
Labour Party
lead
Party
Today's Top Quizzes in History
Browse History
hide this ad
Today's Top Quizzes in Labour Party
Browse Labour Party
Top Contributed Quizzes in History
1
Popular People in 1991
2
Popular People in 1981
3
Popular People in 1951
4
Popular People in 1941
5
Popular People in 1986
6
Popular People in 1976
7
Popular People in 1921
8
5-to-1: 20th Century Images of War
9
I Am Born On March 28th
10
Popular People in 1946
Explore More
Trending Topics
NBA
Harry Potter
Marvel
Disney
Kpop
Anime
Crossword
Song
Pokémon
Soccer
WWE
The Office
NFL
Puzzle
Country
hide this ad
More By:
rhettro84
Quiz
Plays
Rating
Category
Featured
Created
Leaders of the Labour Party (UK)
95
History
Feb 20, 2011
Pittsburgh Penguins 22-23 depth chart
65
Sports
Jan 15, 2023
Carolina Hurricanes 22-23 depth chart
44
Sports
Jan 12, 2023
Go to Creator's Profile
Score Distribution
Quiz Creator Spotlight
rhettro84
Follow
Send a Message
Quizzes Created
-
Created Quiz Play Count
-
More By This Creator
Popular Quizzes Today
1
Find the US States - No Outlines Minefield
2
Find the Countries of Europe - No Outlines Minefield
3
The Countries of the World
4
Find the US States
5
Risky Map Clicking: Biggest States A-Z
6
US States
7
Popular People in 1961
8
Movies - When Are They Set?
More History Quizzes
Honorary Knighthood Slideshow
Published
Trending Quizzes
Risky Map Clicking: Least Populous States A-Z
1-10 Letter G Words
1-10 Letter F Words
Risky Map Clicking: Next State Alphabetically
Risky Map Clicking: Biggest States A-Z
Recently Updated
Leaping Animals
pecheneg
Reality TV Shows (A-Z)
bhenderson79
Rickey Henderson's Hall of Fame Teammates
pecheneg
Champions League XIs: Arsenal
pecheneg
Quick Pick: Celebrities in WWE's Hall of Fame
aduchscher
A-Z Keypad Blitz II
pecheneg
Multiple Oscar Actors
pecheneg
Mystery Phrase Blitz: Oscar 'Best Actors'
pecheneg
F. Scott Fitzgerald Novels
LTH
Pick 3 Villains
ddd62291
Trending Topics
Kpop
Crossword
Anime
Disney
NBA
Harry Potter
Marvel
Country
Pokémon
WWE
Soccer
Puzzle
NFL
Song
The Office
Your Account Isn't Verified!
In order to create a playlist on Sporcle, you need to verify the email address you used during registration. Go to your
Sporcle Settings
to finish the process.
Report this User
Report this user for behavior that violates our
Community Guidelines
.
Details:
Send Report
Go to the Sporcle.com Mobile Site →
Comments